Candid corner : (Record no. 132919)

MARC details
000 -LEADER
fixed length control field 00796nam a22002537a 4500
003 - CONTROL NUMBER IDENTIFIER
control field dpl
005 - DATE AND TIME OF LATEST TRANSACTION
control field 20180818140357.0
008 - FIXED-LENGTH DATA ELEMENTS--GENERAL INFORMATION
fixed length control field 180818b xxu||||| |||| 00| 0 eng d
010 ## - LIBRARY OF CONGRESS CONTROL NUMBER
LC control number B-220620
020 ## - INTERNATIONAL STANDARD BOOK NUMBER
Terms of availability 450.00
International Standard Book Number 8175344776
035 ## - SYSTEM CONTROL NUMBER
System control number B-220620, B-220625
037 ## - SOURCE OF ACQUISITION
Source of stock number/acquisition Cen Lib/Ret
040 ## - CATALOGING SOURCE
Original cataloging agency DPL
Language of cataloging EN
Transcribing agency 0
082 ## - DEWEY DECIMAL CLASSIFICATION NUMBER
Classification number 080
Item number SIN
100 ## - MAIN ENTRY--PERSONAL NAME
Personal name Singhvi, Abhishek Manu
9 (RLIN) 36144
245 ## - TITLE STATEMENT
Title Candid corner :
Statement of responsibility, etc by Abhishek Manu Singhvi
Remainder of title reflections of Abhishek Singhvi /
260 ## - PUBLICATION, DISTRIBUTION, ETC. (IMPRINT)
Name of publisher, distributor, etc Universal law publishing company
Place of publication, distribution, etc Delhi
Date of publication, distribution, etc 2006
270 ## - ADDRESS
Address C-FF-A, Dilkhush industrial estate G.T. carnal road
City Delhi
Postal code 110033
300 ## - PHYSICAL DESCRIPTION
Extent ix,288p.
Dimensions 23cm(Hb)
500 ## - GENERAL NOTE
General note Includes index
650 ## - SUBJECT ADDED ENTRY--TOPICAL TERM
Topical term or geographic name as entry element Judiciary
9 (RLIN) 3959
650 ## - SUBJECT ADDED ENTRY--TOPICAL TERM
Topical term or geographic name as entry element Law
9 (RLIN) 104
942 ## - ADDED ENTRY ELEMENTS (KOHA)
Source of classification or shelving scheme Dewey Decimal Classification
Koha item type English Books
Classification part 080
Call number suffix SIN
Holdings
Withdrawn status Lost status Damaged status Not for loan Home library Current library Date acquired Source of acquisition Cost, normal purchase price Total Checkouts Full call number Barcode Date last seen Copy number Cost, replacement price Price effective from Koha item type Source of classification or shelving scheme Collection code Date checked out
        Central Library Central Library 24/07/2015 Cen Lib/Ret 450.00   080 SIN B-220620 24/07/2015 1 450.00 24/07/2015 English Books      
        Shahdara Branch Shahdara Branch 18/08/2018 BPPD/PUB 450.00 1 080 SIN B-220625 22/08/2025   450.00 18/08/2018 English Books Dewey Decimal Classification Non-fiction 12/08/2025

© Delhi Public Library
Hit Counter
free hit counter